01568 a2200205 45000010006000000050017000060080041000230030015000640400040000790800033001192450039001520200022001912640032002133000024002455051000002691000020012697000022012897000031013117000020013422602420260407155542.0260407a1995 arg spa dAR-UNSa-BCEJYS aAR-UNSa-BCEJYSbspacAR-UNSa-BCEJYS a330.101.542xMicroeconomía10aCurso de teoría microeconómica a978-84-481-1767-2 1aMadrid :bMcGraw-Hillc1995 axiv, 752 p.c23 cm. a1. Visión panorámica - Parte I : Elección individual y social : 2. Teoría de la elección del consumidor y demanda - 3. Elección bajo incertidumbre - Parte II : El mecanismo de los precios : 6. Intercambio puro y equilibrio general - 7. La empresa neoclásica - 8. La empresa competitiva y la competencia perfecta - 9. Monopolio - 10. Competencia imperfecta - Parte III : Teoría de juegos no cooperativas : 11. Modelizando situaciones competitivas - 12. Conceptos de solución para juegos no cooperativos - 13. Información incompleta e irracional - 14. Juego repetido : cooperación y reputación - 15. Negociación bilateral - Parte IV : Temas de economía de la información : 16. Riesgo moral e incentivos - 17. Selección adversa y transmisión de señales en el mercado - 18. El principio de revelación y el diseño de mecanismos - Parte V : Empresas y transacciones : 19. Teorías de la empresa - 20. La economía de los costes de transacción y la empresa. 1 aKreps, David M.1 aBerenguer, Eduard1 aGutiérrez, José Manuel1 aPita, Cristaina